Finish the Ten Most Famous Quotes - Statistics

General Stats
  • This quiz has been taken 89 times
  • The average score is 8 of 10
Answer Stats
Hint Answer % Correct
May the force __ ____ ___ be with you
98%
To be or ___ __ __ not to be
95%
There's no place like ____ home
94%
A journey of a thousand miles begins with a single ____ step
90%
I came, I saw, I _________ conquered
78%
Not all those who wander are ____ lost
67%
Nothing is certain except for death and _____ taxes
63%
One small step for man, ___ _____ ____ ___ _______ one giant leap for mankind
61%
I have a _____ dream
60%
I know that I am intelligent, because I know that I know _______ nothing
44%
No matching quizzes found
Score Distribution
Percent of People with Each Score
Percentile by Number Answered
Your Score History
You have not taken this quiz